000 00709nam a2200205Ii 4500
003 JO-AjNU
008 230605s9999||||xx |||||||||||||| ||und||
017 _a1994/1/92
040 _aJO-AjNU
_bara
_erda
_cJO-AjNU
041 _aara
050 1 4 _aQA76.73.L63.M3664 1994
100 3 _aمنصور، عوض ,
_eauthor
_945514
245 0 0 _aاستخدام الحاسوب في التعليم البرمجة بلغة لوجو
264 3 1 _aالرياض:مؤسسة البشير، 1994
300 _aص404
336 _atext
_btxt
_2rdacontent
337 _aunmediated
_bn
_2rdamedia
338 _avolume
_bnc
_2rdacarrier
650 4 _aالحاسبات الإلكترونية -- لغات - البرمجة
_945515
999 _aA19736
_c23304
_d23304